Statistiques concernant Les albums ayant dépassé les 10 milliards de streams sur Spotify

Cliquez ici pour prendre le quiz!

Statistiques générales

  • Ce quiz a été pris 46 fois
  • Le résultat moyen est 9 sur 15

Statistiques - réponses

Nombre de streamsNom de l'albumArtiste% Correct
13,9 milliardsStarboyThe Weeknd
97%
12,2 milliardsAfter HoursThe Weeknd
97%
12,2 milliardsDua LipaDua Lipa
92%
12,1 milliardsFuture NostalgiaDua Lipa
92%
10 milliardsLoverTaylor Swift
79%
14,7 milliardsDivideEd Sheeran
56%
10,6 milliardsMultiply (x)Ed Sheeran
56%
10 milliardsScorpionDrake
54%
10,6 milliards?XXXTentacion
54%
10 milliardsPurposeJustin Bieber
51%
12,1 milliardsSourOlivia Rodrigo
51%
16,2 milliardsUn Verano Sin TiBad Bunny
44%
10,9 milliardsWhen We All Fall Asleep, Where Do We Go?Billie Eilish
44%
12,5 milliardsHollywood's BleedingPost Malone
33%
11,7 milliardsBeerbongs & BentleysPost Malone
33%

Distribution des résultats

Percentile par nombre de réponses

% des personnes avec chaque résultat

Votre développement - résultats

Vous n’avez pas pris ce quiz